| 000 | 00384nam a2200145Ia 4500 | ||
|---|---|---|---|
| 008 | 161229s9999 xx 000 0 und d | ||
| 020 | _a8170993245 | ||
| 082 | _a658.8 DEY/PR | ||
| 100 | _aDey, A.K. | ||
| 245 | _aProduction and marketing of pulses and oilseeds | ||
| 260 |
_bMittal Publications _aNew Delhi _c1991 |
||
| 300 | _axiii, 126 | ||
| 700 | _aBanerjee, B N | ||
| 942 | _cBK | ||
| 999 |
_c153041 _d153041 |
||